Statistics for Guess the language

Click here to take the quiz!

General Stats

  • This quiz has been taken 30 times
    (13 since last reset)
  • The average score is 5 of 10

Answer Stats

WordMeaningLanguage% Correct
LimãoLemonPortuguese
91%
SlavaGloryUkrainian | Russian
82%
BrugBridgeDutch | Afrikaans
73%
MåneskinMoonlightDanish
64%
Sahra'DesertArabic
45%
ÉszakNorthHungarian
45%
ScevroDevoidItalian
45%
ShǒupàTissuesMandarin
36%
VazăVaseRomanian
36%
JigeumNowKorean
18%

Score Distribution

Percentile by Number Answered

Percent of People with Each Score

Your Score History

You have not taken this quiz since the last reset